Broken Glass - Lorde (All Lyrics) - Statistics

General Stats
  • This quiz has been taken 126 times
  • The average score is 243 of 303
Answer Stats
Lyrics % Correct
a
100%
I
100%
all
96%
it
93%
It
93%
Just
93%
just
93%
Last
93%
last
93%
my
93%
that?
93%
that
93%
the
93%
bad
91%
broken
91%
(Broken
91%
But
91%
glass?
91%
glass
91%
glass)
91%
to
91%
To
91%
When
91%
in
89%
it's
89%
It's
89%
of
89%
be
87%
if
87%
make
87%
mirror
87%
what
87%
get
85%
Get
85%
punch
85%
see
85%
this
85%
won't
85%
Won't
85%
about
83%
luck
83%
wanna
83%
you
83%
myself
80%
summer
80%
don't
78%
had
78%
might
78%
spent
78%
was
78%
back
76%
Did
76%
her
76%
months
76%
sleep
76%
too
76%
above
74%
getting
74%
let
74%
year
74%
lost
72%
Cheat
70%
for
70%
is
70%
me
70%
cry
67%
Making
67%
think
67%
hit
65%
week
65%
dead
63%
deep
63%
how
63%
love
63%
Mystique
63%
outrun
63%
weight
63%
freak
61%
Lose
61%
math
61%
took
61%
arithmetic
59%
hate
59%
much
59%
paid
59%
admit
57%
Compete
57%
like
57%
Sucked
57%
teeth
57%
from
54%
Rot
54%
great
52%
hours
52%
phase
52%
Felt
50%
I'm
50%
strip
50%
takes
50%
treat
50%
Keep
48%
sweat
48%
waist
48%
faith
46%
hip
46%
New
41%
scared
39%
mistakes
37%
Same
35%
Huh,
33%
quit
33%
tough
33%
grip
30%
Lettin'
24%
Loosen
24%
No matching quizzes found
Score Distribution
Percent of People with Each Score
Percentile by Number Answered
Your Score History
You have not taken this quiz